[Event "LEM M-V 2026 Meisterturnier"]
[Site "Neubrandenburg"]
[Date "2026.03.31"]
[Round "7.4"]
[White "Krause, Enrico"]
[Black "Scharf, Christian"]
[Result "0-1"]
[Time "09:00:00"]
[WhiteElo "1854"]
[BlackElo "1918"]

1. c4 e5 2. Nc3 Nf6 3. Nf3 Nc6 4. e4 Bb4 5. d3 d6 6. a3 Bc5 7. Be2 Bg4 8. O-O Bxf3 9. Bxf3 a5 10. g3 Nd4 11. Bg2 h5 12. Bg5 c6 13. Kh1 Ne6 14. Qd2 Nxg5 15. Qxg5 g6 16. h3 h4 17. g4 Nd7 18. Qd2 Qe7 19. Ne2 g5 20. b4 Bb6 21. Rad1 O-O 22. d4 Rfd8 23. c5 dxc5 24. bxc5 Nxc5 25. Qb2 Nd7 26. dxe5 Qxe5 27. Rb1 Qxb2 28. Rxb2 Rab8 29. f4 gxf4 30. Nxf4 Bd4 31. Rc2 Ne5 32. Bf3 Nxf3 33. Rxf3 Ba7 34. Ng2 Rd1+ 35. Kh2 Bg1+ 36. Kh1 Bf2+ 37. Kh2 Bg1+ 38. Kh1 Bf2+ 39. Kh2 Bg3+ 40. Rxg3 hxg3+ 41. Kxg3 Rd3+ 42. Kh4 Rxa3 43. Nf4 a4 44. Rc4 Ra8 45. Nh5 Rb3 46. Nf6+ Kg7 47. Kg5 Rb5+ 0-1

[Event "LEM M-V 2026 Meisterturnier"]
[Site "Neubrandenburg"]
[Date "2026.03.31"]
[Round "7.5"]
[White "Lippitz, Jaden"]
[Black "Schröder, Hannes Artur"]
[Result "0-1"]
[Time "09:00:00"]
[WhiteElo "1863"]
[BlackElo "1810"]

1. e4 e5 2. Nf3 Nc6 3. Bc4 Bc5 4. c3 Nf6 5. d4 exd4 6. e5 d5 7. Bb5 Ne4 8. cxd4 Bb6 9. Qc2 O-O 10. Bxc6 bxc6 11. Qxc6 Bg4 12. Nc3 Bxf3 13. gxf3 Nxf2 14. Kxf2 Qh4+ 15. Kg2 Bxd4 16. Rf1 Bxe5 17. f4 Bxc3 18. bxc3 Rae8 19. Qb5 Qg4+ 20. Kh1 Re2 21. Qxd5 Qh3 22. Qd8 Qxf1# 0-1

[Event "LEM M-V 2026 Meisterturnier"]
[Site "Neubrandenburg"]
[Date "2026.03.31"]
[Round "7.7"]
[White "Kunow, Frank"]
[Black "Schreiber, Felix"]
[Result "0-1"]
[Time "09:00:00"]
[WhiteElo "1957"]
[BlackElo "1937"]

1. Nf3 g6 2. g3 Bg7 3. c4 d6 4. Bg2 e5 5. d3 f5 6. Nc3 Nf6 7. O-O O-O 8. e4 Nc6 9. Bg5 h6 10. Bxf6 Bxf6 11. Nd5 fxe4 12. dxe4 Kg7 13. h3 a5 14. b3 Be6 15. Kh2 Rb8 16. a4 b6 17. Qd2 g5 18. Ne3 Ne7 19. Rad1 Qd7 20. Nd5 Bxd5 21. cxd5 Ng6 22. Ne1 Rf7 23. Nc2 Nf8 24. Ne3 Ng6 25. Nf5+ Kh7 26. Bf3 Ne7 27. Bg4 Qd8 28. Ne3 Qh8 29. Be6 Rbf8 30. Rc1 Ng6 31. Nf5 Bd8 32. h4 Rxf5 33. exf5 Ne7 34. Qd3 Qf6 35. hxg5 hxg5 36. g4 Ng8 37. Kg2 Nh6 38. Rh1 Kg7 39. f3 Rh8 40. Rh5 Qe7 41. Qb5 Rh7 42. Rch1 Rh8 43. Qe2 Qf6 44. Qb5 e4 45. Qe2 exf3+ 46. Qxf3 Qb2+ 47. Kh3 Bf6 48. Rf1 Qc2 49. Rf2 Qb1 50. Kg2 Qc1 51. Rh1 Qc5 52. Re2 Qd4 53. Rc2 Kf8 54. Rd1 Qxg4+ 55. Qxg4 Nxg4 56. Rxc7 Ne3+ 57. Kf3 Rh3+ 58. Ke2 Nxd1 59. Rf7+ Ke8 60. Rxf6 Nc3+ 61. Kf1 Ne4 62. Rg6 Rxb3 63. Ke2 Ke7 64. f6+ Nxf6 65. Rg7+ Ke8 66. Rxg5 Ne4 67. Rg8+ Ke7 68. Rg7+ Kf6 0-1

[Event "LEM M-V 2026 Meisterturnier"]
[Site "Neubrandenburg"]
[Date "2026.03.31"]
[Round "7.8"]
[White "Schmidt, Arne"]
[Black "Johlke, Lorenz"]
[Result "1/2-1/2"]
[Time "09:00:00"]
[WhiteElo "1886"]
[BlackElo "1808"]

1. Nf3 e6 2. g3 Nf6 3. Bg2 Be7 4. O-O O-O 5. d4 b6 6. Ne5 d5 7. c4 Bb7 8. cxd5 exd5 9. Qa4 c5 10. Bf4 Qe8 11. Qxe8 Rxe8 12. Nc3 Ne4 13. Rfd1 Nxc3 14. bxc3 f6 15. Nc4 cxd4 16. Rxd4 Na6 17. Bd6 Rad8 18. Bxe7 Rxe7 19. e4 Red7 20. Rad1 Nc7 21. Ne3 Nb5 22. R4d3 d4 23. cxd4 Nxd4 24. Kh1 Ba6 25. R3d2 Be2 26. Re1 Bf3 27. Nd5 Bxg2+ 28. Kxg2 Nb5 29. Rc1 Kf7 30. Rb2 Nd4 31. Rc7 Ne6 32. Rxd7+ Rxd7 33. Nf4 Nc5 34. f3 Na4 35. Rc2 b5 36. Nd5 a5 37. g4 b4 38. Kg3 Rb7 39. h4 Ke6 40. Kf4 Kd6 41. g5 fxg5+ 42. hxg5 Rf7+ 43. Ke3 Nc5 44. g6 hxg6 45. Rg2 Kc6 46. Rxg6+ Kb5 47. Kd4 Rb7 48. e5 b3 49. a3 Na4 50. e6 b2 51. Rg1 Kc6 52. e7 Kd7 53. Rxg7 b1=Q 54. Nf6+ Kd6 55. Ne4+ Kd7 56. Nf6+ Kd6 57. Ne4+ Kd7 58. Nf6+ 1/2-1/2